[Event "Autumn Cup"]
[Site "Bucharest ROM"]
[Date "2006.10.18"]
[Round "8"]
[White "Burnoiu,N1"]
[Black "Lupulescu,C"]
[Result "1/2-1/2"]
[WhiteElo "2419"]
[BlackElo "2571"]

1.e4 c5 2.Nf3 d6 3.Bb5+ Nd7 4.d4 Nf6 5.Nc3 a6 6.Bxd7+ Nxd7 7.O-O cxd4 8.Qxd4 e6
9.Rd1 Qb6 10.Qd3 Be7 11.b3 O-O 12.Na4 Qc7 13.c4 Rb8 14.Bf4 b5 15.cxb5 axb5
16.Nc3 Nc5 17.Bxd6 Qb6 18.Qd4 Bxd6 19.Qxd6 b4 20.Qxb6 Rxb6 21.Na4 Nxa4 22.bxa4 Ra6
23.Rd4 Rxa4 24.Rb1  1/2-1/2

[Event "Festival Najdorf Buenos Aires-Varsovia"]
[Site "Buenos Aires ARG"]
[Date "2006.10.18"]
[Round "1"]
[White "Zarnicki,P"]
[Black "Kempinski,R"]
[Result "1/2-1/2"]
[WhiteElo "2509"]
[BlackElo "2590"]

1.e4 c5 2.Nf3 d6 3.Bb5+ Bd7 4.Bxd7+ Qxd7 5.c4 g6 6.d4 cxd4 7.Nxd4 Bg7 8.Nc3 Nf6
9.f3 O-O 10.O-O Rc8 11.b3 d5 12.exd5 Nxd5 13.Nxd5 e6 14.Bh6 exd5 15.Bxg7 Kxg7
16.cxd5 Qxd5 17.Ne2  1/2-1/2

[Event "XI WCh-Blind"]
[Site "Goa IND"]
[Date "2006.10.18"]
[Round "9"]
[White "Suder,R"]
[Black "Mlacnik,F"]
[Result "0-1"]
[WhiteElo "2217"]
[BlackElo "2128"]

1.e4 c5 2.Nf3 d6 3.Bb5+ Nd7 4.c3 Nf6 5.Qe2 e6 6.O-O a6 7.Ba4 Be7 8.Bc2 Ne5
9.d3 Nxf3+ 10.Qxf3 e5 11.Nd2 O-O 12.Nc4 Bg4 13.Qg3 Be6 14.Ne3 Nh5 15.Qf3 g6
16.Nf5 Bg5 17.g3 Bxc1 18.Raxc1 Qf6 19.Nh4 Qg5 20.Qe3 Qe7 21.Ng2 f5 22.exf5 Bxf5
23.d4 Rae8 24.dxc5 dxc5 25.Bb3+ Kg7 26.Rfe1 Nf6 27.Rcd1 Ng4 28.Qe2 e4 29.Bd5 Ne5
30.Bxe4 Bxe4 31.Qxe4 Nf3+ 32.Qxf3 Rxf3 33.Rxe7+ Rxe7 34.Ne3 Rf8 35.Kg2 h6
36.h4 h5 37.Rd5 b6 38.Rd6 Rb7 39.Nd5 a5 40.Nxb6 Rf6 41.Rxf6 Kxf6 42.Nc4 Ke6
43.Nxa5 Rxb2 44.a3 Kd5 45.Kf3 c4 46.a4 Rb8 47.Kf4 Ra8 48.Nxc4 Kxc4 49.Kg5 Ra6
50.f3 Kd5 51.c4+ Kxc4 52.g4 hxg4 53.fxg4 Kd5 54.h5 gxh5 55.gxh5 Ke6 56.Kg6 Ke7+
57.Kg7 Rxa4 58.h6 Rg4+ 59.Kh8 Kf6  0-1

[Event "XI WCh-Blind"]
[Site "Goa IND"]
[Date "2006.10.18"]
[Round "9"]
[White "Suder,R"]
[Black "Mlacnik,F"]
[Result "0-1"]
[WhiteElo "2217"]
[BlackElo "2128"]

1.e4 c5 2.Nf3 d6 3.Bb5+ Nd7 4.c3 Nf6 5.Qe2 e6 6.O-O a6 7.Ba4 Be7 8.Bc2 Ne5
9.d3 Nxf3+ 10.Qxf3 e5 11.Nd2 O-O 12.Nc4 Bg4 13.Qg3 Be6 14.Ne3 Nh5 15.Qf3 g6
16.Nf5 Bg5 17.g3 Bxc1 18.Raxc1 Qf6 19.Nh4 Qg5 20.Qe3 Qe7 21.Ng2 f5 22.exf5 Bxf5
23.d4 Rae8 24.dxc5 dxc5 25.Bb3+ Kg7 26.Rfe1 Nf6 27.Rcd1 Ng4 28.Qe2 e4 29.Bd5 Ne5
30.Bxe4 Bxe4 31.Qxe4 Nf3+ 32.Qxf3 Rxf3 33.Rxe7+ Rxe7 34.Ne3 Rf8 35.Kg2 h6
36.h4 h5 37.Rd5 b6 38.Rd6 Rb7 39.Nd5 a5 40.Nxb6 Rf6  0-1

[Event "HSK 1830 IM"]
[Site "Hamburg GER"]
[Date "2006.10.18"]
[Round "4"]
[White "Kopylov,M"]
[Black "Pajeken,W"]
[Result "1-0"]
[WhiteElo "2469"]
[BlackElo "2360"]

1.e4 c5 2.Nf3 d6 3.Bb5+ Bd7 4.Bxd7+ Qxd7 5.c4 g6 6.d4 cxd4 7.Nxd4 Bg7 8.Be3 Nc6
9.Nc3 Nf6 10.f3 O-O 11.O-O a6 12.Rc1 Nxd4 13.Bxd4 b5 14.Nd5 Nxd5 15.cxd5 Rfc8
16.Bxg7 Kxg7 17.Qd4+ f6 18.Qb6 Rxc1 19.Rxc1 Qa7 20.Qxa7 Rxa7 21.Kf2 f5 22.Ke3 fxe4
23.Kxe4 Kf6 24.f4 h5 25.Rc8 b4 26.Rf8+ Kg7 27.Rb8 Rc7 28.Rxb4 Rc2 29.Kf3 Rc5
30.Ra4 a5 31.Ke4 Kf6 32.b3 e6 33.dxe6 Kxe6 34.g3 d5+ 35.Kd4 Kd6 36.Kd3 Kc6
37.f5 gxf5 38.Rf4 Rc1 39.Rxf5 Ra1 40.a4 h4 41.gxh4 Rd1+ 42.Kc3 Rc1+ 43.Kd4 Rd1+
44.Ke5 Rd3 45.h5 Rxb3 46.h4 Re3+ 47.Kf6 Re4 48.Kg5 Re8 49.h6 d4 50.h7 Rd8
51.Rxa5 d3 52.Rf5 d2 53.Rf1 Rd5+ 54.Kg4 Rd4+ 55.Kg3 Rd3+ 56.Kg2 Rd8 57.Rd1 Rh8
58.Rxd2 Rxh7 59.Kg3 Ra7 60.h5 Rxa4 61.h6 Kc7 62.h7 Ra8 63.Rh2 Rh8 64.Kf4 Kd7
65.Kg5  1-0

[Event "Autumn Cup"]
[Site "Bucharest ROM"]
[Date "2006.10.20"]
[Round "10"]
[White "Moldovan,D"]
[Black "Lupulescu,C"]
[Result "1/2-1/2"]
[WhiteElo "2450"]
[BlackElo "2571"]

1.e4 c5 2.Nf3 d6 3.Bb5+ Bd7 4.Bxd7+ Qxd7 5.O-O Nf6 6.Re1 e6 7.c3 Nc6 8.d4 cxd4
9.cxd4 d5 10.e5 Ne4 11.Nbd2 Nxd2 12.Bxd2  1/2-1/2

[Event "III Open"]
[Site "Calvia ESP"]
[Date "2006.10.20"]
[Round "1"]
[White "Suba,M"]
[Black "Moreto Quintana,A"]
[Result "1-0"]
[WhiteElo "2535"]
[BlackElo "2162"]

1.Nf3 d6 2.e4 c5 3.Bb5+ Bd7 4.Bxd7+ Nxd7 5.O-O Ngf6 6.Re1 g6 7.b3 Bg7 8.Bb2 O-O
9.c4 a6 10.Nc3 Rb8 11.a4 e6 12.a5 Ng4 13.Qc2 Nge5 14.Nxe5 Nxe5 15.Ne2 Qh4
16.Bxe5 Bxe5 17.g3 Qg4 18.Rad1 h5 19.Kg2 Bg7 20.h4 e5 21.Nc3 Bf6 22.Rh1 Kg7
23.Rb1 Bd8 24.Qa2 Qd7 25.d3 f5 26.f3 f4 27.Nd5 fxg3 28.Rbf1 Be7 29.Qe2 Qd8
30.f4 Bxh4 31.f5 Rh8 32.fxg6 Kxg6 33.Qf3 Rf8 34.Qxf8 Qxf8 35.Rxf8 Rxf8 36.Rxh4 Rf2+
37.Kxg3 Rd2 38.Rh2 Rxd3+ 39.Kh4 Rxb3 40.Rg2+ Kh6 41.Ne7 Rc3 42.Nf5+ Kh7 43.Nxd6 Rd3
44.Nf5 Rc3 45.Rg7+ Kh8 46.Re7 Rxc4 47.Rxe5 Ra4 48.Kxh5 Kg8 49.Kg6 Kf8 50.Nd6  1-0

[Event "32nd Guernsey Chess Festival"]
[Site "Grand Harve Bay GCI"]
[Date "2006.10.20"]
[Round "6"]
[White "Spanton,T"]
[Black "Tan,H"]
[Result "1-0"]
[WhiteElo "2051"]
[BlackElo "2125"]

1.e4 c5 2.Nf3 d6 3.Bb5+ Bd7 4.Bxd7+ Nxd7 5.c4 Ngf6 6.Nc3 e5 7.d3 Be7 8.O-O O-O
9.Qe2 Re8 10.Ne1 g6 11.f4 exf4 12.Bxf4 Nh5 13.Be3 Bg5 14.Bxg5 Qxg5 15.Qf2 Rf8
16.Nf3 Qd8 17.g4 Ng7 18.Qg3 Qb6 19.b3 h5 20.h3 Rad8 21.Nd5 Qa6 22.Ne7+ Kh8
23.Qf4  1-0

[Event "WYG16"]
[Site "Batumi GEO"]
[Date "2006.10.21"]
[Round "3"]
[White "Beridze,T"]
[Black "Zhorzholiani,M"]
[Result "0-1"]
[WhiteElo "1982"]
[BlackElo "2099"]

1.e4 c5 2.Nf3 d6 3.Bb5+ Bd7 4.Bxd7+ Qxd7 5.O-O Nc6 6.c3 Nf6 7.Qe2 e6 8.d4 cxd4
9.cxd4 d5 10.e5 Ne4 11.Be3 Be7 12.Ne1 f5 13.exf6 Bxf6 14.Nc2 O-O 15.Rd1 Qf7
16.f3 Nd6 17.Nc3 Rae8 18.Re1 Qg6 19.Rad1 Nc4 20.Bc1 Nd6 21.Qd3 Nf5 22.Ne2 Qf7
23.b3 Qc7 24.Ba3 Rf7 25.Bc5 Bh4 26.g3 Bg5 27.Nc3 Qb8 28.Kg2 h5 29.Ne2 Qc7
30.f4 Bf6 31.Rc1 b6 32.Ba3 Qb8 33.Red1 Rc7 34.Qf3 g6 35.Qf2 Rec8 36.h3 Nce7
37.Nb4 Rxc1 38.Rxc1 Rxc1 39.Bxc1 Qc8 40.Bb2 a5 41.Nd3 Qc2 42.Nec1 Qxf2+ 43.Kxf2 Bxd4+
44.Bxd4 Nxd4 45.Ne5 Kg7 46.g4 hxg4 47.hxg4 Nec6 48.Nd7 b5 49.Ke3 Kf7 50.Nc5 Kf6
51.Nb7 Nc2+ 52.Ke2 N2d4+ 53.Ke3 g5 54.fxg5+ Kxg5 55.Nxa5 Kxg4  0-1

[Event "WYB16"]
[Site "Batumi GEO"]
[Date "2006.10.21"]
[Round "3"]
[White "Froewis,G"]
[Black "Fabre,M"]
[Result "0-1"]
[WhiteElo "2135"]
[BlackElo "2005"]

1.e4 c5 2.Nf3 d6 3.Bb5+ Bd7 4.Bxd7+ Qxd7 5.c4 Nc6 6.Nc3 Ne5 7.d3 Nf6 8.O-O e6
9.Bf4 Ng6 10.Bg3 Nh5 11.Nh4 Nxg3 12.Nxg6 hxg6 13.fxg3 Be7 14.Qc2 Bf6 15.Ne2 Ke7
16.Rad1 Rh7 17.d4 cxd4 18.Nxd4 Rah8 19.h3 Qc7 20.Qf2 a6 21.Nb3 Rh5 22.Rd3 Rd8
23.Rf3 Ke8 24.g4 Rg5 25.Qg3 Rd7 26.Qf2 Rd8 27.Qe2 Re5 28.h4 Bxh4 29.Rxf7 Qxf7
30.Rxf7 Kxf7 31.Nd4 Rc5 32.b4 Rcc8 33.Qf3+ Ke7 34.e5 d5 35.g5 Rf8 36.Qd3 Bf2+
37.Kf1 Bxd4+ 38.Ke1 Rxc4  0-1

[Event "10th Essent Open"]
[Site "Hoogeveen NED"]
[Date "2006.10.21"]
[Round "2"]
[White "Van Beek,Al"]
[Black "Postny,E"]
[Result "1/2-1/2"]
[WhiteElo "2379"]
[BlackElo "2609"]

1.e4 c5 2.Nf3 d6 3.Bb5+ Nc6 4.O-O Bd7 5.Re1 g6 6.c3 Bg7 7.d4 Qb6 8.Bxc6 Qxc6
9.e5 dxe5 10.Nxe5 Qd5 11.Bf4 Nf6 12.Nxd7 Nxd7 13.dxc5 Qxd1 14.Rxd1 Nxc5 15.Na3 O-O
16.Rd2 Rac8 17.Kf1 Na4 18.Re1 Bf6 19.Re4 Nc5 20.Rc4 Ne6 21.Rxc8 Rxc8 22.Be3 a6
23.c4 Kf8 24.b3 Ke8 25.Nc2 Be5 26.Ke2 f5 27.Nd4 Nc5 28.f4 Bf6 29.Kf3 Ne4
30.Rd3 Rd8 31.b4 Rd7 32.c5 Rd5 33.Ke2 Kd7 34.a3 Bg7 35.Nc2 Kc6 36.Bd4 e5
37.fxe5 Bxe5 38.Bxe5 Rxe5 39.Nd4+ Kc7 40.Kf3 h6 41.Kf4 Re7  1/2-1/2

[Event "14th Chigorin Mem"]
[Site "St-Petersburg RUS"]
[Date "2006.10.23"]
[Round "1"]
[White "Chebotarev,O"]
[Black "Kanep,M"]
[Result "1/2-1/2"]
[WhiteElo "2508"]
[BlackElo "2510"]

1.e4 c5 2.Nf3 d6 3.Bb5+ Bd7 4.Bxd7+ Qxd7 5.O-O Nf6 6.Qe2 e6 7.c3 Nc6 8.d4 cxd4
9.cxd4 d5 10.e5 Ng8 11.Nbd2 Nge7 12.Nb3 Nc8 13.h4 a5 14.a4 Be7 15.h5 h6 16.Bf4 Qd8
17.Rfc1 Qb6 18.Qe3 Qa6 19.Nc5 Bxc5 20.Rxc5 N8e7 21.g4 b6 22.Rc3 Rc8 23.Rac1 Kd7
24.Bg3 Nb4 25.Bh4 Na2 26.Rxc8 Rxc8 27.Rxc8 Qxc8 28.Qd3 Nb4 29.Qh7 Qg8 30.Qxg8 Nxg8
31.Kf1 Nd3 32.b3 g6 33.hxg6 fxg6 34.Ke2 Nb4  1/2-1/2

[Event "AVTOGAZ 40"]
[Site "Togliatti RUS"]
[Date "2006.10.23"]
[Round "2"]
[White "Zagrebelny,S"]
[Black "Zubarev,Al1"]
[Result "1/2-1/2"]
[WhiteElo "2484"]
[BlackElo "2490"]

1.e4 c5 2.Nf3 d6 3.Bb5+ Bd7 4.Bxd7+ Qxd7 5.c4 Nf6 6.Nc3 Nc6 7.O-O Ne5 8.d3 g6
9.Nxe5 dxe5 10.Be3 Rc8 11.Rb1 b6 12.b4 cxb4 13.Rxb4 Bg7 14.a4 O-O 15.Qb1 Ng4
16.Bc1 Rfd8 17.h3  1/2-1/2

[Event "GpA"]
[Site "Cap d'Agde FRA"]
[Date "2006.10.27"]
[Round "1"]
[White "Sebag,M"]
[Black "Radjabov,T"]
[Result "0-1"]
[WhiteElo "2471"]
[BlackElo "2729"]

1.e4 c5 2.Nf3 d6 3.Bb5+ Bd7 4.Bxd7+ Qxd7 5.O-O Nc6 6.c3 Nf6 7.Re1 e6 8.d4 cxd4
9.cxd4 d5 10.e5 Ng8 11.Nc3 Nge7 12.Ne2 Nf5 13.Nf4 h5 14.h4 Be7 15.g3 O-O-O
16.a3 Kb8 17.b4 Rdg8 18.Ne2 Qd8 19.Bf4 Ka8 20.Rc1 Qb6 21.Qa4 a6 22.Rb1 Na7
23.Qb3 Rc8 24.Rbc1 Nc6 25.Qd3 f6 26.Rb1 g5 27.b5 axb5 28.hxg5 fxg5 29.Nxg5 Na7
30.a4 b4 31.a5 Qc6 32.Rbc1 Qd7 33.a6 b5 34.Nf3 Rc4 35.Bd2 Nc6 36.a7 Rg8 37.Kg2 Bd8
38.Rh1 h4 39.Bf4 Na5 40.Ra1 Qh7 41.Nd2 Qg6 42.Qb1 hxg3 43.fxg3 Qg4 44.Qd1 Rc8
45.Nf3 Nc4 46.Qg1 Bb6 47.Rh7 b3 48.Qh2 b2 49.Rb1 Qg6 50.Kf2 Nxd4 51.Nfxd4 Qxb1  0-1

[Event "10th Essent Open"]
[Site "Hoogeveen NED"]
[Date "2006.10.28"]
[Round "9"]
[White "Van Beek,Al"]
[Black "Clemens,A"]
[Result "1-0"]
[WhiteElo "2379"]
[BlackElo "2323"]

1.e4 c5 2.Nf3 d6 3.Bb5+ Bd7 4.Bxd7+ Qxd7 5.O-O Nf6 6.e5 dxe5 7.Nxe5 Qc7 8.d4 cxd4
9.Bf4 Qb6 10.Nd2 e6 11.Ndc4 Qc5 12.c3 Be7 13.cxd4 Qd5 14.Ne3 Qb5 15.Qf3 O-O
16.Rac1 Na6 17.Rc3 Nb4 18.Bg5 Rab8 19.N3g4 Nxg4 20.Bxe7 Nxe5 21.dxe5 Nd5
22.Rb3 Qc6 23.Bxf8 Rxf8 24.g3 Rc8 25.h4 b6 26.h5 h6 27.Rd1 Qc4 28.a3 Rc5
29.Rc3 Qb5 30.Rxc5 Qxc5 31.Qe4 a5 32.Kg2 Qc6 33.Kh2 Qc5 34.Rd2 Kf8 35.Rc2 Qb5
36.Qh7 Qf1 37.Qh8+ Ke7 38.Qb8  1-0

[Event "AVTOGAZ 40"]
[Site "Togliatti RUS"]
[Date "2006.10.28"]
[Round "9"]
[White "Alavkin,A"]
[Black "Kovchan,A"]
[Result "1/2-1/2"]
[WhiteElo "2504"]
[BlackElo "2518"]

1.e4 c5 2.Nf3 d6 3.Bb5+ Bd7 4.Bxd7+ Nxd7 5.O-O Ngf6 6.d3 g6 7.Ng5 h6 8.Nh3 e5
9.f4 exf4 10.Nxf4 Bg7 11.Nc3 O-O 12.Be3 Ne5 13.h3 b5 14.Qd2 b4 15.Ncd5 Ned7
16.c3 bxc3 17.bxc3 Kh7 18.Rab1 Nxd5 19.Nxd5 Nb6 20.d4 Nc4 21.Qe2 Nxe3 22.Qxe3 cxd4
23.cxd4 Rb8 24.Rxb8 Qxb8 25.Nf6+ Bxf6 26.Rxf6 Qb4 27.a3 Qb6 28.Kh2 Kg7 29.e5 Rd8
30.Qf4 Rd7 31.e6 fxe6 32.Rxe6 Qd8 33.Qe4 Qg5 34.h4 Qh5 35.d5 g5 36.Qd4+ Kh7
37.g4 Qf7 38.Rf6 Qe8 39.Qd3+ Kg7 40.Re6 Qf7 41.Qd4+ Kh7 42.h5 Qf3 43.Rf6 Qe2+
44.Kh3 Rg7 45.Rf2 Qe7 46.Rb2 Rf7 47.Qd3+ Kh8 48.Rb8+ Rf8 49.Qd4+ Kg8 50.Rxf8+ Kxf8
51.Qh8+ Kf7 52.Qxh6 Qe3+ 53.Kg2 Qe2+ 54.Kg3  1/2-1/2

[Event "Bundesliga 2006-7"]
[Site "Bindlach GER"]
[Date "2006.10.29"]
[Round "2"]
[White "Glek,I"]
[Black "Berndt,S"]
[Result "1/2-1/2"]
[WhiteElo "2560"]
[BlackElo "2447"]

1.e4 c5 2.Nf3 d6 3.Bb5+ Bd7 4.Bxd7+ Qxd7 5.O-O Nf6 6.d3 e6 7.Ng5 Be7 8.f4 Nc6
9.Nd2 O-O 10.Ndf3 Ne8 11.c3 f6 12.Nh3 d5 13.Qe2 Nc7 14.Nf2 b5 15.b3 a5 16.a4 Rab8
17.Qc2 f5 18.axb5 Nxb5 19.exd5 exd5 20.Ne5 Nxe5 21.fxe5 f4 22.Re1 f3 23.g3 d4
24.Bd2 dxc3 25.Bxc3 Qd5 26.Rxa5 Nxc3 27.Qxc3 Rxb3 28.Qc2 Rfb8 29.Qa2 Kh8
30.Ra7 Qd8 31.e6 Rb2 32.Qc4 Rb1 33.Ra1 Rxa1 34.Rxa1 Bf6 35.Re1 Bd4 36.Qc2 Qf6
37.e7 Re8 38.Qa4 Qf7 39.Qd7 h6 40.Qe6 Qxe6 41.Rxe6 Bf6 42.Ne4 Rxe7 43.Rxe7 Bxe7
44.Kf2 Kg8 45.Kxf3 Kf7 46.Nc3 Ke6 47.Ke4 g6 48.g4 h5 49.gxh5 gxh5 50.h3 Bd6
51.Nd5 Be5 52.Ne3 Bd4 53.Ng2 Be5 54.Nh4 Bd6 55.Nf3 Be7 56.Kf4 Bf6 57.Ng1 Be7
58.Ne2 Bf6 59.Kf3 Be5 60.Ke4 Bd6  1/2-1/2

[Event "14th Chigorin Mem"]
[Site "St-Petersburg RUS"]
[Date "2006.10.30"]
[Round "9"]
[White "Hammer,J"]
[Black "Polschikov,A"]
[Result "1/2-1/2"]
[WhiteElo "2380"]
[BlackElo "2311"]

1.e4 c5 2.Nf3 d6 3.Bb5+ Bd7 4.Bxd7+ Qxd7 5.O-O Nc6 6.c3 Nf6 7.d4 Nxe4 8.d5 Ne5
9.Re1 Nf6 10.Nxe5 dxe5 11.c4 e6 12.Nc3 Be7 13.Rxe5 O-O-O 14.Bg5 h6 15.Bh4 Bd6
16.Re1 g5 17.Qf3 Ne8 18.Bg3 Bxg3 19.Qxg3 Nc7 20.Rad1 exd5 21.cxd5 Rhe8 22.Rxe8 Rxe8
23.h4 gxh4 24.Qxh4 Qd6 25.Ne4 Qe7 26.Qh3+ Kb8 27.f3 Qe5 28.Qxh6 Nxd5 29.Qd6+ Qxd6
30.Nxd6 Ne3 31.Re1 Re7 32.Nxf7 Rxf7 33.Rxe3 Kc7 34.g4 Kd6 35.Kg2 b5 36.Kg3 Kd5
37.f4 Kd4 38.Rf3 c4 39.g5 b4 40.g6 Rg7 41.f5 Ke5 42.Kg4 Kf6 43.Re3 Re7 44.Rxe7 Kxe7
45.Kf4 a5 46.Ke4 a4 47.Ke5 c3 48.bxc3 bxc3 49.f6+ Kf8 50.Ke6 c2 51.g7+ Kg8
52.Ke7 c1=Q 53.f7+ Kxg7 54.f8=Q+ Kh7 55.Qf7+ Kh6 56.Qe6+ Kh5 57.Qe2+ Kh6
58.Qa6+ Kg7 59.Qxa4 Qc5+ 60.Ke6 Qb6+ 61.Kd5 Qd8+ 62.Kc4 Kf6 63.Qc6+ Ke7 64.a4 Qa5
65.Qb5 Qxb5+ 66.axb5 Kd6 67.Kd4 Kc7 68.Kc5 Kb7 69.b6 Kb8 70.Kc6 Kc8 71.b7+ Kb8
72.Kb6  1/2-1/2

[Event "14th Chigorin Mem"]
[Site "St-Petersburg RUS"]
[Date "2006.10.30"]
[Round "9"]
[White "Kornev,Alexei"]
[Black "Kanep,M"]
[Result "1-0"]
[WhiteElo "2578"]
[BlackElo "2510"]

1.e4 c5 2.Nf3 d6 3.Bb5+ Bd7 4.Bxd7+ Qxd7 5.O-O Nf6 6.Qe2 e6 7.e5 Ng4 8.exd6 Bxd6
9.h3 Nf6 10.b3 Nc6 11.Bb2 Nd5 12.Na3 Nf4 13.Qe3 Nd5 14.Qe4 f5 15.Qe1 O-O
16.Nc4 Rfe8 17.Nfe5 Nxe5 18.Bxe5 Bc7 19.a4 Nb4 20.Qd1 Nc6 21.Re1 Rad8 22.d3 Bxe5
23.Nxe5 Qd5 24.Nxc6 Qxc6 25.Re5 Rd5 26.Qe2 Qd6 27.Re3 g6 28.Re1 Kf7 29.Qf3 b6
30.g4 Kg7 31.Kf1 fxg4 32.hxg4 h5 33.Re4 hxg4 34.Rxg4 Rf8 35.Qg2 Rf6 36.Re3 Rd4
37.Ree4 Rxe4 38.Qxe4 Qh2 39.Qb7+ Rf7 40.Qg2 Qh5 41.Ke1 Rf5 42.Qg3 Re5+ 43.Kd2 Rf5
44.f4 Qh6 45.Kc3 Kf7 46.Kb2 Qh8+ 47.Ka2 Rh5 48.d4 cxd4 49.f5 Rxf5 50.Qc7+ Kf6
51.Rxd4 Rc5 52.Qf4+ Rf5 53.Qd2 Qc8 54.Rd8 Qc5 55.Qh2 Ke7 56.Ra8 b5 57.axb5 Rf2
58.Qh7+ Kf6 59.Qh4+ Kf7 60.Qh7+ Kf6 61.Qh8+ Kg5 62.Qd8+ Kg4 63.Qd1+ Kg3 64.Qd3+ Kf4
65.Kb2 Qe5+ 66.Kb1 Kg5 67.Rg8 Qe1+ 68.Ka2 Rf5 69.Qd8+ Rf6 70.Rh8 Qc3 71.Rh2 Kg4
72.Qd1+ Rf3 73.Rg2+ Kf5 74.Qd8 Ke4 75.Rg4+  1-0

[Event "USCL"]
[Site "ICC INT"]
[Date "2006.11.01"]
[Round "10"]
[White "Koons,N"]
[Black "Kiewra,K"]
[Result "1-0"]
[WhiteElo "2280"]
[BlackElo "2262"]

1.e4 c5 2.Nf3 d6 3.Bb5+ Nd7 4.O-O Nf6 5.Qe2 a6 6.Bxd7+ Bxd7 7.e5 dxe5 8.Nxe5 e6
9.b3 Be7 10.Bb2 Qc7 11.d3 Bc8 12.Nd2 b5 13.f4 O-O 14.Rf3 Bb7 15.Rh3 Rfd8
16.Rf1 g6 17.Ndf3 c4 18.bxc4 bxc4 19.Nxc4 Bd5 20.Nfe5 Rab8 21.Ba1 Bc5+ 22.Kh1 Ne8
23.Ne3 Bxa2 24.c4 Bb1 25.N3g4 Bf8 26.Nxg6 fxg6 27.Qxe6+ Qf7 28.Qe5 Qf5 29.Qh8+ Kf7
30.Rxh7+ Ke6 31.Re1+ Kd6 32.Qd4+ Kc6 33.Ne5+  1-0

[Event "Sub Zonal 2.3.2C"]
[Site "Panama PAN"]
[Date "2006.11.02"]
[Round "2"]
[White "Arias Santana,M"]
[Black "Aguilar,G"]
[Result "1-0"]
[WhiteElo "2236"]
[BlackElo "2001"]

1.e4 c5 2.Nf3 d6 3.Bb5+ Nd7 4.c3 Nf6 5.Qe2 e6 6.O-O Be7 7.Ba4 O-O 8.Bc2 Qc7
9.d3 b5 10.Bg5 Rb8 11.Nbd2 Re8 12.a3 b4 13.axb4 cxb4 14.c4 d5 15.e5 Ng4 16.d4 f6
17.Bf4 fxe5 18.Nxe5 Ngf6 19.Nxd7 Qxf4 20.Nxb8 Qxb8 21.c5 Qf4 22.Qe3 Qxe3
23.fxe3 Ng4 24.Rfe1 Bh4 25.Re2 Bg5 26.Nf1 e5 27.h3 Nf6 28.dxe5 Nd7 29.Ba4 Rxe5
30.Bxd7 Bxd7 31.Rxa7 Bb5 32.Rf2 h6 33.Rff7 Bf6 34.Rfb7 Bd3 35.c6 Rf5 36.Ng3  1-0

[Event "Petersburg Autumn"]
[Site "St Petersburg RUS"]
[Date "2006.11.03"]
[Round "4"]
[White "Ivkina,O"]
[Black "Korchagina,V"]
[Result "0-1"]
[WhiteElo "2206"]
[BlackElo "2091"]

1.e4 c5 2.Nf3 d6 3.Bb5+ Bd7 4.Bxd7+ Qxd7 5.O-O g6 6.c3 Nf6 7.e5 dxe5 8.Nxe5 Qd5
9.d4 Bg7 10.Qa4+ Nbd7 11.Bg5 Rd8 12.Na3 cxd4 13.Rfe1 O-O 14.c4 Qd6 15.Nb5 Qa6
16.Qxa6 bxa6 17.Nxa7 Nxe5 18.Rxe5 h6 19.Bd2 Rb8 20.b3 e6 21.Rd1 Nd5 22.cxd5 Bxe5
23.Nc6 Bg7 24.d6 Rb6 25.Rc1 Kh7 26.d7 Bf6 27.Ba5 Rb5 28.d8=Q Bxd8 29.Bxd8 e5
30.Kf1 Rd5 31.Ba5 Kg7 32.Ke2 Kf6 33.Bb4 Rc8 34.Rc4 Re8 35.Na5 Re6 36.Rc7 Rb5
37.Bd2 g5 38.a4 Rd5 39.Nc4 Kg6 40.b4 f5 41.a5 e4 42.Ra7 f4 43.Nb6 Rd8 44.Rxa6 e3
45.b5 d3+ 46.Kd1 exd2 47.Kxd2 Re2+ 48.Kd1 Kh5 49.Ra8 Rd4 50.Nc4 Rxc4 51.b6 Ra4  0-1

[Event "10th OIBM"]
[Site "Bad Wiessee GER"]
[Date "2006.11.04"]
[Round "1"]
[White "Lejlic,S"]
[Black "Willin,B"]
[Result "1-0"]
[WhiteElo "2401"]
[BlackElo "2009"]

1.e4 c5 2.Nf3 d6 3.Bb5+ Bd7 4.Bxd7+ Qxd7 5.O-O Nc6 6.c3 Nf6 7.Re1 e5 8.d4 Be7
9.d5 Nd8 10.a4 O-O 11.Nfd2 Ne8 12.b4 cxb4 13.cxb4 Bg5 14.Qe2 Rc8 15.Nc4 Bxc1
16.Rxc1 f5 17.Nc3 f4 18.Nb5 a6 19.Na7 Rc7 20.Nb6 Qf7 21.f3 g5 22.b5 axb5
23.Nxb5 Rxc1+ 24.Rxc1 Qg7 25.Rc8 Qe7 26.Qc2 h5 27.Kf1 g4 28.Ke2 Nf7 29.Nc7 Ng7
30.Rxf8+ Kxf8 31.Nb5 Ne8 32.Qc8 gxf3+ 33.gxf3 Qh4 34.Nd7+ Ke7 35.Qxb7 Qxh2+
36.Kd3 Kd8 37.Nb8 Qh3  1-0

[Event "FSGM November"]
[Site "Budapest HUN"]
[Date "2006.11.04"]
[Round "1"]
[White "Chernyshov,K"]
[Black "Papp,Ge"]
[Result "1-0"]
[WhiteElo "2558"]
[BlackElo "2324"]

1.e4 c5 2.Nf3 d6 3.Bb5+ Nd7 4.O-O a6 5.Bxd7+ Bxd7 6.c4 e5 7.Nc3 Be7 8.a3 f5
9.d3 f4 10.b4 b6 11.Rb1 Nf6 12.Nd5 Nxd5 13.exd5 O-O 14.Nd2 f3 15.Nxf3 Bg4
16.bxc5 bxc5 17.Re1 Qe8 18.h3 Bxf3 19.gxf3 Qh5 20.Kg2 Rf6 21.f4 Qh4 22.Qf3 Raf8
23.Re4 exf4 24.Kh2 Rh6 25.Bb2 Rg6 26.Bc3 h5 27.Rbe1 Bf6 28.Bxf6 Rfxf6 29.Rg1 Kh7
30.Rxg6 Kxg6 31.d4 cxd4 32.Rxd4 Kf7 33.Rd2 g5 34.Qd3 f3 35.c5 Kf8 36.c6 g4
37.Qf1 gxh3 38.c7 Qf4+ 39.Kh1 Qf5 40.Rb2 Kg7 41.Rb8 Rf8 42.Rd8  1-0

[Event "VII Rapid"]
[Site "El Sauzal ESP"]
[Date "2006.11.04"]
[Round "2"]
[White "Fernandez Garcia,JoseL"]
[Black "Heimbacher,P"]
[Result "1-0"]
[WhiteElo "2470"]
[BlackElo "2013"]

1.e4 c5 2.Nf3 d6 3.Bb5+ Nc6 4.O-O Bd7 5.Re1 e6 6.c3 Be7 7.d4 cxd4 8.cxd4 Nf6
9.Nc3 O-O 10.d5 exd5 11.exd5 Ne5 12.Nxe5 Bxb5 13.Nxb5 dxe5 14.d6 Bxd6 15.Nxd6 Qc7
16.Bg5 Rad8 17.Bxf6 Rxd6 18.Bxe5  1-0

[Event "British Rapidplay"]
[Site "Halifax ENG"]
[Date "2006.11.04"]
[Round "1"]
[White "Cooper,J"]
[Black "Palliser,R"]
[Result "1/2-1/2"]
[WhiteElo "2345"]
[BlackElo "2411"]

1.e4 c5 2.Nf3 d6 3.Bb5+ Nd7 4.d4 Nf6 5.O-O cxd4 6.Qxd4 e5 7.Qe3 Be7 8.Rd1 O-O
9.Qe2 h6 10.Nc3 Qc7 11.Nh4 Nb6 12.a4 a6 13.Bd3 Bg4 14.f3 Be6 15.Kh1 Rfe8
16.a5 Nbd7 17.Be3 Rac8 18.Qf2 Bf8 19.g4 d5 20.g5 d4 21.gxf6 dxe3 22.Qxe3 Nxf6
23.Rg1 Kh8  1/2-1/2

[Event "British Rapidplay"]
[Site "Halifax ENG"]
[Date "2006.11.04"]
[Round "4"]
[White "Ansell,S"]
[Black "Gormally,D"]
[Result "0-1"]
[WhiteElo "2394"]
[BlackElo "2519"]

1.e4 c5 2.Nf3 d6 3.Bb5+ Nd7 4.d4 Nf6 5.Nc3 cxd4 6.Qxd4 e5 7.Qd3 h6 8.O-O Be7
9.Be3 a6 10.Bc4 b5 11.Bb3 O-O 12.h3 Bb7 13.a3 Rc8 14.Nd2 Nc5 15.Bxc5 dxc5
16.Bd5 c4 17.Qf3 Nxd5 18.Nxd5 Bxd5 19.exd5 f5 20.Rad1 e4 21.Qf4 Bd6 22.Qe3 Qf6
23.Nb1 Qe5 24.f4 Qf6 25.Kh1 Qxb2 26.Qb6 Qf6 27.Qxa6 g5 28.Nc3 Ra8 29.Qc6 Bxf4
30.Qxf6 Rxf6 31.Nxb5 Ra5 32.a4 Rxa4 33.d6 Ra8 34.g4 e3 35.Rfe1 fxg4 36.hxg4 Rd8
37.Rd5 Kf7 38.Rc5 Bxd6 39.Nxd6+ Rdxd6 40.Rxe3 Rf4 41.Kg2 Rxg4+ 42.Kf3 Rf4+
43.Kg3 Kg6 44.Ra3 Kh5 45.Ra1 Rg4+ 46.Kf3 Rf6+ 47.Ke3 Rg3+ 48.Ke4 Rf4+ 49.Kd5 Rf5+
50.Kd6 Rxc5  0-1

[Event "TCh-ROM Divizia A Masculin"]
[Site "Predeal ROM"]
[Date "2006.11.04"]
[Round "1"]
[White "Nemes,S"]
[Black "Todoran,I"]
[Result "0-1"]
[WhiteElo "2066"]
[BlackElo "2180"]

1.e4 c5 2.Nf3 d6 3.Bb5+ Nd7 4.O-O Nf6 5.Re1 a6 6.Bxd7+ Bxd7 7.c3 e6 8.d4 Be7
9.Bf4 O-O 10.Nbd2 cxd4 11.cxd4 Bc6 12.Bg5 h6 13.Bh4 Rc8 14.Rc1 Re8 15.h3 b5
16.Qb3 Qb6 17.Rc2 Qb7 18.Qd3 Rc7 19.Rec1 Rec8 20.Qe3 Bd7 21.Rxc7 Rxc7 22.Rxc7 Qxc7
23.Qc3 Qxc3 24.bxc3 g5 25.Bg3 Bc6 26.e5 dxe5 27.Nxe5 Bd5 28.c4 bxc4 29.Nexc4 Ne4
30.Nxe4 Bxc4 31.a4 f5 32.Bd6 Kf7 33.Bxe7 Kxe7 34.Nc3 Kd6 35.f4 gxf4 36.Kf2 a5
37.h4 e5 38.dxe5+ Kxe5 39.Kf3 Bb3 40.Nb5 Bxa4 41.Nc3 Bc6+ 42.Kf2 a4 43.Nb1 Kd4
44.g3 fxg3+ 45.Kxg3 Ke3  0-1

[Event "British Rapidplay"]
[Site "Halifax ENG"]
[Date "2006.11.05"]
[Round "9"]
[White "Ansell,S"]
[Black "Hanley,Ja"]
[Result "1-0"]
[WhiteElo "2394"]
[BlackElo "2169"]

1.e4 c5 2.Nf3 d6 3.Bb5+ Bd7 4.Bxd7+ Qxd7 5.O-O Nf6 6.Re1 Nc6 7.b3 g6 8.c3 Bg7
9.d4 cxd4 10.cxd4 O-O 11.Bb2 Rac8 12.Nc3 Rfd8 13.Qd2 e5 14.d5 Nb4 15.Rac1 Ng4
16.Qe2 Bh6 17.Rcd1 Nf6 18.a3 Na6 19.b4 Nh5 20.g3 Nb8 21.Nd2 Qe7 22.Nb3 Rd7
23.Qg4 a6 24.Rd3 Rdc7 25.f4 Nd7 26.f5 Nb6 27.Na5 Nc4 28.Nxc4 Rxc4 29.Rf1 Qg5
30.Qxg5 Bxg5 31.fxg6 hxg6 32.Rdf3 R8c7 33.b5 Bd2 34.b6 Rd7 35.Rd3 Bg5 36.Rb1 Nf6
37.h4 Bh6 38.Re1 Rd8 39.Kg2 Rdc8 40.Rf3 Nd7 41.Ref1 Nxb6 42.Rxf7 Rxc3 43.Bxc3 Rxc3
44.Rxb7 Nc4 45.Rf6 Bc1 46.Rxg6+ Kf8 47.h5 Rxa3 48.h6 Bxh6 49.Rxh6 Ra2+ 50.Kh3 Kg8
51.Rc7 Nd2 52.Rxd6  1-0

[Event "OCF Nov FIDE Open"]
[Site "Stillwater USA"]
[Date "2006.11.05"]
[Round "4"]
[White "Movsisyan,M"]
[Black "Claassen,C"]
[Result "1-0"]
[WhiteElo "2275"]
[BlackElo "2078"]

1.e4 c5 2.Nf3 d6 3.Bb5+ Bd7 4.Bxd7+ Qxd7 5.O-O Nc6 6.c3 Nf6 7.Re1 e6 8.d4 cxd4
9.cxd4 Be7 10.Nc3 O-O 11.Bg5 Ne8 12.d5 Ne5 13.Nxe5 dxe5 14.Bxe7 Qxe7 15.Qb3 Nd6
16.dxe6 fxe6 17.Rad1 Rad8 18.Qa3 Nc8 19.Qa5 Qf6 20.f3 b6 21.Qa6 Qg5 22.Qc4 Qe7
23.Nb5 Qc5+ 24.Qxc5 bxc5 25.b3 Kf7 26.Kf2 Ke7 27.Ke2 Rd7 28.Rc1 a6 29.Na3 Rfd8
30.Nc4 Kf6 31.Red1 Rd4 32.Nxe5  1-0

[Event "TCh-ROM Divizia A Masculin"]
[Site "Predeal ROM"]
[Date "2006.11.07"]
[Round "4"]
[White "Nemes,S"]
[Black "Davidescu,O"]
[Result "1-0"]
[WhiteElo "2066"]
[BlackElo "1983"]

1.e4 c5 2.Nf3 d6 3.Bb5+ Bd7 4.Bxd7+ Qxd7 5.O-O Nc6 6.c3 Nf6 7.Re1 e6 8.d4 cxd4
9.cxd4 d5 10.e5 Ne4 11.Nbd2 Bb4 12.Nxe4 dxe4 13.Rxe4 Qd5 14.Rg4 Rg8 15.Bg5 Be7
16.Qa4 Bxg5 17.Nxg5 f5 18.exf6 gxf6 19.Nxh7 Kf7 20.Qd1 Rxg4 21.Qxg4 Rg8 22.Qxg8+  1-0